La philosophie positive.
Salvato in:
| Autore principale: | |
|---|---|
| Natura: | Libro |
| Pubblicazione: |
Paris, France:
Ernest Flammarion,
191?
|
| Soggetti: | |
| Tags: |
Aggiungi Tag
Nessun Tag, puoi essere il primo ad aggiungerne!!
|
MARC
| LEADER | 00000nam a2200000 a 4500 | ||
|---|---|---|---|
| 001 | UCZ3256 | ||
| 003 | CL-VaPUC | ||
| 005 | 20230504155832.0 | ||
| 008 | 220628t191? ||||| |||| 00| 0 eng d | ||
| 999 | |c 436364 |d 436362 | ||
| 040 | |c Pontificia Universidad Católica de Valparaíso | ||
| 082 | 0 | 4 | |a 146.4 COM 191? |2 21 |
| 100 | |a Comte, Auguste |e autor |9 334591 | ||
| 245 | 1 | 3 | |a La philosophie positive. |
| 260 | |a Paris, France: |b Ernest Flammarion, |c 191? | ||
| 300 | |a 4 tomos. | ||
| 500 | |a t.I-t-IV. c.1 Donación Familia Prof. Alejandro Guzmán Brito. | ||
| 505 | |a t. I. Mathématique, astronomie. t. II. Physique, chimie, biologie. t. III. Sociologie, temps anciens. t. IV. Sociologie, temps modernes. | ||
| 583 | |a last modification |c 20130307 10:03:16 |k Cristina María Rojas Aguilar | ||
| 650 | 0 | |a Positivismo |9 269460 | |
| 650 | 0 | |a Escuelas filosóficas |9 266232 | |
| 650 | 0 | |a Sociología |9 255410 | |
| 942 | |c BK |2 ddc |n 0 | ||
| 952 | |0 0 |1 0 |2 ddc |4 0 |6 146_400000000000000_COM_191 |7 0 |8 C_AGB |9 584062 |a BIBDER |b BIBDER |d 2022-06-28 |e Donación |h t.I |i 5652118 |o 146.4 COM 191? |p 5652118 |r 2023-01-25 |t 1 |w 2022-06-28 |y BK_US |k AGB | ||
| 952 | |0 0 |1 0 |2 ddc |4 0 |6 146_400000000000000_COM_191 |7 0 |8 C_AGB |9 584063 |a BIBDER |b BIBDER |d 2022-06-28 |e Donación |h t.II |i 5652119 |o 146.4 COM 191? |p 5652119 |r 2023-01-25 |t 1 |w 2022-06-28 |y BK_US |k AGB | ||
| 952 | |0 0 |1 0 |2 ddc |4 0 |6 146_400000000000000_COM_191 |7 0 |8 C_AGB |9 584064 |a BIBDER |b BIBDER |d 2022-06-28 |e Donación |h t.III |i 5652120 |o 146.4 COM 191? |p 5652120 |r 2023-01-25 |t 1 |w 2022-06-28 |y BK_US |k AGB | ||
| 952 | |0 0 |1 0 |2 ddc |4 0 |6 146_400000000000000_COM_191 |7 0 |8 C_AGB |9 584065 |a BIBDER |b BIBDER |d 2022-06-28 |e Donación |h t.IV |i 5652121 |o 146.4 COM 191? |p 5652121 |r 2023-01-25 |t 1 |w 2022-06-28 |y BK_US |k AGB | ||